000 00665nam a2200229Ia 4500
003 OSt
005 20221005063024.0
006 a|||||r|||| 00| 0
007 ta
008 221004b |||||||| |||| 00| 0 eng d
024 _a69746
037 _cTextual
040 _aCRL
_cCRL
_beng
041 _2eng
_aeng
082 _aX9D.1sN84, M4
245 0 _aTimes 1000, 1984-85
_b The indispensable annual review of leading world industrial and financial companies Ed by Margaret Allen
260 _aLondon
_bTimes Books
_c1984
300 _a112p
_ccm.
650 _aECONOMICS
942 _hX9D.1sN84, M4
_cTEXL
_2cc
999 _c970739
_d970739